000 00840nam a22002537a 4500
003 DO-SdBNP
005 20220201083336.0
007 ta
008 110217s1974 ag a r 000 | spa d
040 _aDO-SdBNP
_bspa
_cBNPHU
082 _a923.243
_bF763Z, 1974
100 1 _aZweig, Stefan,
_948388
245 1 0 _aFouché :
_bretrato de un político, el genio tenebroso /
_cStefan Zweig; traducción Máximo José Kahn, Miguel Pérez Ferrero.
250 _a4ta. ed.
260 _aMéxico :
_bLatino Americana,
_c1974.
300 _a221 p. :
_bil. ;
_c22 cm.
590 _aInventariado, 2022 / DG
600 4 _aFOUCHÉ, JOSEPH,
_d1759-1820
_952680
650 4 _aPolíticos franceses
_xBiografías
_952681
700 1 _aJosé Kahn, Máximo,
_etr.
_952682
700 1 _aPérez Ferrero, Miguel,
_etr.
_952683
910 _aDG
942 _2ddc
_cLBS1
999 _c51279
_d51279